000 01007nam0a22003251 4500
001 RU\NLR\A1SV\126846
005 20251203171251.9
035 _a(NLR Aleph) 010447481
090 _a9913872
_c9913872
100 _a20140522d1925 u y0rusy50 ca
101 1 _arus
_cfre
102 _aRU
200 1 _aНаши слуги
_fЖ.Фабр
_gПер. с фр. В.Барбашевой
_gПод ред. и с примеч. С.В.Покровского
210 _aМ.
_cГос. изд-во
_d1925
215 _a212 с.
_cил.
_d23 см
225 _aНачатки естествознания
300 _aДата на корешке
620 _dМосква
700 1 _aФабр
_bЖ.А.
_f1823-1915
_gЖан Анри
702 1 _aБарбашева
_bВ.
702 1 _aПокровский
_bС.В.
801 0 _aRU
_bNLR
_c20140522
852 _aNLR
_j121/418
852 _aNLR
_j14/230
899 _aРГБ
899 _aКирОУНБ
942 _cBOOK
980 _aNB
980 _aA1SV